000 00926nam a2200229Ii 4500
003 JO-AjNU
008 230605s9999||||xx |||||||||||||| ||und||
017 _a2000/18051
020 _a977-327-112-9
040 _aJO-AjNU
_bara
_erda
_cJO-AjNU
041 _aara
050 1 4 _aHG4523.Z386 2000
100 3 _aاعداد: زويل، محمود امين,
_eauthor
_932039
245 0 0 _aبورصة الاوراق المالية موقعها من الاسواق - احوالها ومستقبلها
264 3 1 _aالاسكندرية: دار الوفاء لدنيا الطباعة والنشر، 2000
300 _a139ص
_bيحتوي على ببلوغرافية من 137-139ص
336 _atext
_btxt
_2rdacontent
337 _aunmediated
_bn
_2rdamedia
338 _avolume
_bnc
_2rdacarrier
490 0 _aسلسلة كتب مهارات علم نفسك بنفسك
650 4 _aبورصة الاوراق المالية
_932040
999 _aA12887
_c16455
_d16455